| 000 | 00629nam a22001937a 4500 | ||
|---|---|---|---|
| 005 | 20260304154759.0 | ||
| 008 | 260304b |||||||| |||| 00| 0 eng d | ||
| 020 | _a978-0-3213-3631-6 | ||
| 050 | _aQA 76.9 .T37 .S74 2011 | ||
| 100 | _aFALL, KEVIN R. | ||
| 245 |
_aTCP/IP ILLUSTRATED VOLUME 1 _bTHE PROTOCOLS |
||
| 250 | _a2ND EDITION. | ||
| 260 |
_aUPPER SADDLE RIVER,NJ, _bADDISON- WESLEY, _c2011 |
||
| 300 | _axxxv, 1017 P, ILL. | ||
| 500 | _aINCLUDES GLOSSARY AND INDEX. | ||
| 650 | _aTRANSMISSION CONTROL PROTOCOL (COMPUTER NETWORK PROTOCOL) 2. COMPUTER NETWORKS | ||
| 700 | _aSTEVEN, W. RICHARD | ||
| 942 |
_2lcc _cBK |
||
| 999 |
_c216777 _d216777 |
||